01344cam a2200301 a 450000100100000000500170001000800410002702000150006804000300008308200180011310000420013124501180017326000810029130000280037250000570040050400540045750400530051165000550056465100330061965000400065270000360069270000270072891000280075504900090078395201160079295201170090899900170102500001203420200929162651.0781003s1981 pr ag b 001 0 spa  a0847725014 aDO-SdBNPbspacDLCdBNPHU a793.31bP473m1 aPescador de Umpierre, Paquita.92845910aManual de bailes folklóricos. :bCaligrafía musical Antonio Salcedo Corpas, arreglos musicales Blanca Garí. aSan Juan, (Puerto Rico) :bUniversitaria, Universidad de Puerto Rico,c1981. a290 p. :bil. ;c25 cm. aEs una reimpresión de la primera edición en 1973 aIncluye referencias bibliográficas (p. 285-287) aIncluye índice alfabético de bailes y cantos 4aDanzas folclóricas y nacionalesxManuales928460 4aPuerto RicoxFolklore928426 4aCultura popularzPuerto Rico9284611 aSalcedo Corpas, Antonio.9284621 aGarí, Blanca.928463 aCatalogación derivada aBNGR 001050718MOaGRbGRcHDd2009-11-03iLF1l0o793.31 P473mp12034-10r2020-06-25w2020-06-25y1ZNo se presta 0010507-18MOaGRbGRcOId2013-10-30iLF1l0o793.31 P473mp12034-20r2020-06-25w2020-06-25y1ZNo se presta c11702d11702